[Event "GER-ch U16"]
[Site "Oberhof"]
[Date "2012.05.27"]
[Round "1"]
[White "Moritz, Aron"]
[Black "Pixa, Richard"]
[Result "1-0"]
[WhiteElo "2163"]
[BlackElo "1982"]
[PlyCount "55"]
[EventDate "2012.05.27"]
[EventType "swiss"]
[EventRounds "9"]
[EventCountry "GER"]
[SourceTitle "CBM 148 Extra"]
[Source "ChessBase"]
[SourceDate "2012.06.22"]
[SourceVersion "1"]
[SourceVersionDate "2012.06.22"]
[SourceQuality "1"]

1. g3 d5 2. Bg2 c5 3. Nf3 Nc6 4. 0-0 Nf6 5. d3 e6 6. Nbd2 Bd6 7. e4 d4 8. a4 h6 9. Nc4 e5 10. Nh4 g5 11. Nf5 Bxf5 12. exf5 Qd7 13. a5 Rd8 14. Re1 0-0 15. Qf3 Nb4 16. Re2 Nc6 17. g4 a6 18. h4 Nh7 19. Qh3 Qe7 20. f4 Qf6 21. Bxc6 exf4 22. Bxb7 gxh4 23. Nxd6 Ng5 24. Qh2 Qxd6 25. Rf2 Qe7 26. Be4 Nxe4 27. dxe4 Qxe4 28. Bxf4 1-0

[Event "Berlin-ch qualification"]
[Site "Berlin-Lichtenrade"]
[Date "2011.04.30"]
[Round "8.17"]
[White "Pixa, Richard"]
[Black "Krefenstein, Sergej"]
[Result "0-1"]
[WhiteElo "1824"]
[BlackElo "2017"]
[PlyCount "86"]
[EventDate "2011.04.23"]
[EventType "swiss"]
[EventRounds "9"]
[EventCountry "GER"]
[SourceTitle "EXT 2022"]
[Source "ChessBase"]
[SourceDate "2021.10.06"]
[SourceVersion "1"]
[SourceVersionDate "2021.10.06"]
[SourceQuality "1"]

1. d4 Nf6 2. Bg5 Ne4 3. Bf4 d5 4. c4 e5 5. dxe5 Bb4+ 6. Bd2 Bc5 7. e3 d4 8. Qf3 dxe3 9. fxe3 Nxd2 10. Nxd2 Qh4+ 11. g3 Qg5 12. Qf4 Bxe3 13. Qxg5 Bxg5 14. Ngf3 Be7 15. Bg2 Nc6 16. 0-0 Be6 17. b3 0-0-0 18. Ne4 h6 19. Rad1 Bb4 20. Nf2 Bc5 21. Kh1 Bxf2 22. Rxd8+ Rxd8 23. Rxf2 Rd1+ 24. Rf1 Rxf1+ 25. Bxf1 Bg4 26. Bg2 Bxf3 27. Bxf3 Nxe5 28. Be4 b6 29. Kg2 Kd7 30. h3 Ke6 31. g4 Ng6 32. Kf3 Ke5 33. Ke3 Nf4 34. h4 g6 35. Kf3 f6 36. Bc2 a6 37. Be4 a5 38. Bc2 c5 39. Be4 Ng2 40. h5 gxh5 41. gxh5 Nf4 42. Bg6 f5 43. Be8 Nd3 0-1

[Event "Berlin-ch qualification"]
[Site "Berlin-Lichtenrade"]
[Date "2011.04.29"]
[Round "7.17"]
[White "Von Loehneysen, Leonard"]
[Black "Pixa, Richard"]
[Result "1/2-1/2"]
[WhiteElo "2043"]
[BlackElo "1824"]
[PlyCount "49"]
[EventDate "2011.04.23"]
[EventType "swiss"]
[EventRounds "9"]
[EventCountry "GER"]
[SourceTitle "EXT 2022"]
[Source "ChessBase"]
[SourceDate "2021.10.06"]
[SourceVersion "1"]
[SourceVersionDate "2021.10.06"]
[SourceQuality "1"]

1. c4 e6 2. g3 d5 3. Bg2 Nf6 4. Nf3 Be7 5. 0-0 0-0 6. Qc2 c6 7. b3 Nbd7 8. Bb2 b5 9. Nd4 Qb6 10. cxb5 cxb5 11. Qc6 Qxc6 12. Nxc6 Bd6 13. Rc1 Bb7 14. Na5 Rab8 15. Nxb7 Rxb7 16. Rc6 Be5 17. d4 Bb8 18. Nd2 Rc7 19. Rxc7 Bxc7 20. Rc1 Rc8 21. Ba3 Nb6 22. Bc5 Bd8 23. b4 Nc4 24. Nxc4 bxc4 25. a4 1/2-1/2

[Event "Berlin-ch qualification"]
[Site "Berlin-Lichtenrade"]
[Date "2011.04.28"]
[Round "6.7"]
[White "Pixa, Richard"]
[Black "Noetzel, Felix"]
[Result "0-1"]
[WhiteElo "1824"]
[BlackElo "2042"]
[PlyCount "134"]
[EventDate "2011.04.23"]
[EventType "swiss"]
[EventRounds "9"]
[EventCountry "GER"]
[SourceTitle "EXT 2022"]
[Source "ChessBase"]
[SourceDate "2021.10.06"]
[SourceVersion "1"]
[SourceVersionDate "2021.10.06"]
[SourceQuality "1"]

1. d4 Nf6 2. Bg5 Ne4 3. Bf4 g5 4. Bg3 h5 5. h4 Nxg3 6. fxg3 g4 7. e4 c5 8. Nc3 Bg7 9. d5 Qb6 10. Rb1 d6 11. Qd3 a6 12. Nge2 Nd7 13. Nf4 Qb4 14. Be2 Bd4 15. a3 Qa5 16. Qd2 Nf6 17. Bd3 b5 18. Nfe2 Be5 19. b3 Bd7 20. a4 c4 21. bxc4 bxc4 22. Bxc4 Rc8 23. Qd3 0-0 24. Rb3 Bxa4 25. Ra3 Bxc2 26. Rxa5 Bxd3 27. Bxd3 Rxc3 28. Kd2 Rb3 29. Rc1 Nd7 30. Bc2 Rb2 31. Rb1 Rxb1 32. Bxb1 Nc5 33. Bc2 Rb8 34. Ra2 Kg7 35. Nf4 Kh6 36. Ke2 Rb4 37. Ke3 Rc4 38. Ne2 Rb4 39. Nf4 Bd4+ 40. Kd2 Bf2 41. Ne2 Nxe4+ 42. Bxe4 Rxe4 43. Rxa6 Rxe2+ 44. Kxe2 Bxg3 45. Ke3 Bxh4 46. Ra8 Bg5+ 47. Ke4 Kg6 48. Rg8+ Kf6 49. g3 Bh6 50. Rh8 Kg6 51. Re8 f5+ 52. Kd3 Kf6 53. Rh8 Kg7 54. Re8 Bg5 55. Ke2 h4 56. gxh4 Bxh4 57. Ke3 Bg5+ 58. Kf2 f4 59. Rb8 Bh4+ 60. Kf1 Kg6 61. Rf8 Bf6 62. Kg2 Kf5 63. Rg8 f3+ 64. Kg3 Be5+ 65. Kf2 Kf4 66. Rf8+ Bf6 67. Rg8 g3+ 0-1

[Event "Berlin-ch qualification"]
[Site "Berlin-Lichtenrade"]
[Date "2011.04.27"]
[Round "5.10"]
[White "Kirchhof, Arno"]
[Black "Pixa, Richard"]
[Result "0-1"]
[WhiteElo "2052"]
[BlackElo "1824"]
[PlyCount "64"]
[EventDate "2011.04.23"]
[EventType "swiss"]
[EventRounds "9"]
[EventCountry "GER"]
[SourceTitle "EXT 2022"]
[Source "ChessBase"]
[SourceDate "2021.10.06"]
[SourceVersion "1"]
[SourceVersionDate "2021.10.06"]
[SourceQuality "1"]

1. d4 d5 2. c4 e6 3. Nc3 c6 4. cxd5 exd5 5. Qc2 g6 6. Bf4 Bg7 7. e3 Bf5 8. Bd3 Bxd3 9. Qxd3 Nf6 10. Nf3 0-0 11. b4 a6 12. 0-0 Qe7 13. Rab1 Ne4 14. Be5 f6 15. Bxb8 Raxb8 16. a4 f5 17. b5 Qa3 18. Rfc1 Rfc8 19. Ra1 Qb3 20. Qb1 Qxb1 21. Raxb1 Nxc3 22. Rxc3 cxb5 23. Rxc8+ Rxc8 24. axb5 a5 25. Ng5 Bf8 26. g3 Rc4 27. Nf3 Rb4 28. Rxb4 Bxb4 29. Ne5 a4 30. Nd3 Bd2 31. Kf1 b6 32. Ke2 a3 0-1

[Event "Berlin-ch 2011 U14 Vorrunde 1"]
[Site "Berlin"]
[Date "2010.09.19"]
[Round "3.1"]
[White "Pixa, Richard"]
[Black "Heldt, Ronny"]
[Result "1-0"]
[WhiteElo "1730"]
[BlackElo "1515"]
[PlyCount "105"]
[EventDate "2010.09.18"]
[EventType "swiss"]
[EventRounds "7"]
[EventCountry "GER"]
[SourceTitle "EXT 2022"]
[Source "ChessBase"]
[SourceDate "2021.10.06"]
[SourceVersion "1"]
[SourceVersionDate "2021.10.06"]
[SourceQuality "1"]

1. e4 e6 2. d4 d5 3. exd5 exd5 4. Bd3 Nc6 5. c3 Bd6 6. Nf3 Bg4 7. 0-0 Nge7 8. Nbd2 Qd7 9. b4 f6 10. a4 g5 11. a5 h5 12. Re1 Bf5 13. Nf1 h4 14. Qc2 Bxd3 15. Qxd3 Kf7 16. b5 Nd8 17. c4 c6 18. cxd5 cxd5 19. Ba3 g4 20. N3d2 Ne6 21. Bxd6 Qxd6 22. Nb3 Rag8 23. Re3 Nf4 24. Qd2 g3 25. fxg3 hxg3 26. Rxg3 Nf5 27. Rxg8 Rxg8 28. g3 Nh5 29. Kf2 Nhxg3 30. hxg3 Nxg3 31. Nc5 b6 32. axb6 axb6 33. Ra7+ Kg6 34. Nxg3 bxc5 35. Qc2+ Kg5 36. Qc1+ Kg6 37. dxc5 Qe5 38. Qc2+ Kg5 39. Qd2+ Kg6 40. Qd3+ f5 41. Ra6+ Kg5 42. Qxf5+ Qxf5+ 43. Nxf5 Kxf5 44. b6 Ke5 45. b7 Rf8+ 46. Ke2 Rb8 47. c6 Kd6 48. Ra8 Kxc6 49. Rxb8 Kc7 50. Rc8+ Kxb7 51. Rc1 Kb6 52. Kd3 Kb5 53. Kd4 1-0